000 00976cam a2200277 i 4500
001 46434
003 Mx-PuUPA
005 20260427155506.0
008 140415s1998 mx a gr 000 0 spa d
020 _a968165658X
040 _aMx-PuUPA
_bspa
_cMx-PuUPA
_dMx-PuUPA
_erda
041 0 _aspa
100 1 _aPérez-Tamayo, Ruy,
_d1924-
_eautor
_95082
245 1 0 _a¿Existe el método científico? :
_bhistoria y realidad /
_cRuy Pérez Tamayo
250 _aPrimera edición /
_bla ciencia para todos
264 1 _aMéxico, D.F. :
_bEl Colegio Nacional y Fondo de Cultura Económica,
_c1998
300 _a297 páginas :
_bilustraciones ;
_c21 cm
336 _2rdacontent
_atexto
_btxt
337 _2rdamedia
_asin medio
_bn
338 _2rdacarrier
_avolumen
_bnc
490 0 _aLa ciencia para todos ;
_v161
650 7 _aCiencia
_xMetodologia
_xFilosofía de la ciencia
_2armarc
942 _2ddc
_h501
_cLI
_iP426
999 _c46434
_d46434